00866cam a2200229 a 4500020001500000040000800015082002600023100002200049245006500071260004200136300006400178500002200242650002100264650002100285650001900306700002000325856005600345856006400401942000700465999001700472952014700489 a0070400555 cDLC00a808 HIL 2003 A096 Or.1 aMaimon, Elaine P.12aA writer's resource :ba handbook for writing and research / aBoston, Mass. :bMcGraw-Hill,cc2003. axv, 532 p., [58] p. :bill. (some col.), col. map ;c21 cm. aIncludes indexes. 0aEnglish language 0aEnglish language 0aReport writing1 aPeritz, Janice.41uhttp://www.loc.gov/catdir/toc/mh031/2002016650.html42uhttp://www.loc.gov/catdir/description/mh031/2002016650.html cEK c15627d15627 0010406808_000000000000000_HIL_2003_A096_OR70969155aLBAbLBAcA096d2017-12-04o808 HIL 2003 A096 Or.pA19942r2017-12-04w2017-12-04yEK